书目信息 |
| 题名: |
文字的风度
|
|
| 作者: | 辛峰 著 | |
| 分册: | ||
| 出版信息: | 北京 民主与建设出版社有限责任公司 2020.07 |
|
| 页数: | 303页 | |
| 开本: | 23cm | |
| 丛书名: | ||
| 单 册: | ||
| 中图分类: | I106-53 | |
| 科图分类: | ||
| 主题词: | 世界文学--文学评论--文集 | |
| 电子资源: | ||
| ISBN: | 978-7-5139-3027-7 | |
| 000 | 00816nam0 2200241 450 | |
| 001 | 0102100445 | |
| 005 | 20210402100825.0 | |
| 010 | @a978-7-5139-3027-7@dCNY69.80 | |
| 100 | @a20200831d2020 em y0chiy0110 ea | |
| 101 | 0 | @achi |
| 102 | @aCN@b110000 | |
| 105 | @ay z 000yy | |
| 106 | @ar | |
| 200 | 1 | @a文字的风度@Awen zi de feng du@f辛峰著 |
| 210 | @a北京@c民主与建设出版社有限责任公司@d2020.07 | |
| 215 | @a303页@d23cm | |
| 300 | @a文学评论集 | |
| 330 | @a《文字的风度》涵盖了国内外历时百年中的60多名作家近百部优秀文学作品的诠释、思辨与感悟。全书共计70余篇评论。内容为先锋阅读、经典品读、风流人物、外国经典、豳地文丛、书边语丝六大版块。 | |
| 606 | 0 | @a世界文学@x文学评论@j文集 |
| 690 | @aI106-53@v5 | |
| 701 | 0 | @a辛峰@Axin feng@4著 |
| 801 | 0 | @aCN@bBJSZM@c20210402 |
| 905 | @b1279738-42@dI106@e291@f5 | |
| 文字的风度/辛峰著.-北京:民主与建设出版社有限责任公司,2020.07 |
| 303页;23cm |
| 文学评论集 |
| ISBN 978-7-5139-3027-7:CNY69.80 |
| 《文字的风度》涵盖了国内外历时百年中的60多名作家近百部优秀文学作品的诠释、思辨与感悟。全书共计70余篇评论。内容为先锋阅读、经典品读、风流人物、外国经典、豳地文丛、书边语丝六大版块。 |
| ● |
| 相关链接 |
|
|
|
|
正题名:文字的风度
索取号:I106/291
 
预约/预借
| 序号 | 登录号 | 条形码 | 馆藏地/架位号 | 状态 | 备注 |
| 1 | 1279738 | 212797384 | 教育系资料室/ [索取号:I106/291] | 在馆 | |
| 2 | 1279739 | 212797393 | 教育系资料室/ [索取号:I106/291] | 在馆 | |
| 3 | 1279740 | 212797400 | 教育系资料室/ [索取号:I106/291] | 在馆 | |
| 4 | 1279741 | 212797419 | 第二借阅区/ [索取号:I106/291] | 在馆 | |
| 5 | 1279742 | 212797428 | 第二借阅区/ [索取号:I106/291] | 在馆 | |
| 6 | 1288865 | 212888650 | 第一样本阅览室/ [索取号:I106/291] | 在馆 | |
| 7 | 1288866 | 212888669 | 第二借阅区/ [索取号:I106/291] | 在馆 | |
| 8 | 1288867 | 212888678 | 第二借阅区/ [索取号:I106/291] | 在馆 | |
| 9 | 1288868 | 212888687 | 第二借阅区/ [索取号:I106/291] | 在馆 |